Statistiques concernant Prénoms garçons 2020

Cliquez ici pour prendre le quiz!

Statistiques générales

  • Ce quiz a été pris 1 690 fois
    (106 depuis la dernière actualisation)
  • Le résultat moyen est 31 sur 100

Statistiques - réponses

OrdreLettrePrénom% Correct
6LLéo
81%
1LLouis
78%
11PPaul
73%
4JJules
70%
9LLucas
69%
2GGabriel
64%
31NNathan
64%
26TThéo
64%
56AAlexandre
63%
81JJulien
60%
73TThomas
58%
10TTom
58%
15HHugo
56%
12MMathis
55%
3RRaphaël
55%
60CCharles
54%
21EEnzo
54%
82MMaxime
52%
5MMaël
51%
18VVictor
51%
84MMohamed
49%
53NNoa
49%
7AArthur
48%
34MMathéo
48%
44AAntoine
47%
55BBaptiste
45%
30VValentin
45%
36NNoé
43%
42LLéon
42%
87WWilliam
42%
49EElio
40%
8EEthan
40%
28MMartin
40%
51MMaxence
40%
37AAxel
39%
33SSimon
39%
35CClément
37%
67KKylian
37%
29TTiméo
37%
24GGabin
36%
57MMattéo
35%
83MMatéo
34%
50SSamuel
34%
13AAdam
33%
17LLiam
33%
72BBenjamin
31%
27SSacha
31%
92DDavid
30%
78NNaël
30%
46EEliott
29%
16NNoah
29%
19NNolan
29%
58TTimothée
29%
90AAdrien
28%
41EEvan
26%
32GGaspard
26%
38RRobin
26%
91MMatthieu
25%
71EEsteban
24%
20MMalo
21%
39MMarius
21%
48MMathys
20%
22EEden
19%
86EEtienne
19%
62LLouka
19%
64NNoam
19%
75CCharly
18%
40MMarceau
18%
43MMilo
18%
59LLéandre
16%
52MMilan
16%
25AAaron
15%
45IIsaac
15%
14TTiago
15%
66AAmir
13%
61AAntonin
12%
23LLenny
12%
80DDiego
11%
94LLéonard
11%
79LLino
11%
70SSoan
11%
65AAugustin
10%
96OOwen
10%
77AAuguste
9%
89EErwan
9%
98KKenzo
9%
47CCôme
8%
76LLeny
8%
63AAlessio
7%
54AAyden
7%
99JJoshua
7%
95LLorenzo
7%
97AAmaury
4%
68LLivio
4%
74NNathaël
4%
88MMelvyn
3%
85JJuliann
2%
69TTyago
2%
100LLewis
1%
93LMayron
1%

Distribution des résultats

Percentile par nombre de réponses

% des personnes avec chaque résultat

Votre développement - résultats

Vous n’avez pas pris ce quiz depuis la dernière actualisation